Fourth course in estate management (Record no. 85929)

MARC details
000 -LEADER
fixed length control field 00397cam a2200169 4500
001 - CONTROL NUMBER
control field D12482
008 - FIXED-LENGTH DATA ELEMENTS--GENERAL INFORMATION
fixed length control field 090401t1952 xxu||||| |||| 00| 0 eng d
035 ## - SYSTEM CONTROL NUMBER
System control number (Sirsi) u3752
041 ## - LANGUAGE CODE
Language code of text/sound track or separate title eng
110 ## - MAIN ENTRY--CORPORATE NAME
Corporate name or jurisdiction name as entry element Country Landowners' Association
9 (RLIN) 2816
245 ## - TITLE STATEMENT
Title Fourth course in estate management
260 ## - PUBLICATION, DISTRIBUTION, ETC.
Name of publisher, distributor, etc. CLA
Date of publication, distribution, etc. 1952
350 ## - PRICE (NR) (BK AM CF MU VM SE) [OBSOLETE]
Price 0
520 ## - SUMMARY, ETC.
Summary, etc. Shelf 114
942 ## - ADDED ENTRY ELEMENTS (KOHA)
Suppress in OPAC 0
948 ## - LOCAL PROCESSING INFORMATION (OCLC); SERIES PART DESIGNATOR (RLIN)
c (OCLC) 04/03/1997
Holdings
Withdrawn status Lost status Source of classification or shelving scheme Damaged status Not for loan Home library Current library Shelving location Date acquired Total Checkouts Full call number Barcode Date last seen Copy number Price effective from Koha item type
    Other/Generic Classification Scheme     London London Basement 14/09/1999   SHELF 114 30009874 06/08/2019 1 06/08/2019 Reference material